00860cam a2200241 a 450000100100000000500170001000800410002704000200006808200200008810000280010824501030013626000400023930000210027949000120030065000250031265000280033770000360036570000320040183000190043391000280045295201230048099900150060300000984320200929161728.0931116s1989 cu 000 d spa d aDO-SdBNPdBNPHU aCu862.44bV443c1 aVeloso, Antonio.92475910aCrimen en Noche de mascaras /cAntonio Veloso y Rodolfo Pérez Valero ; edición, Esther Acosta. aLa Habana :bLetras Cubanas,c1989. a112 p. ;c18 cm.1 aEspiral 4aTeatro cubano924517 4aLiteratura cubana914831 aPérez Valero, Rodolfo.9247601 aAcosta, Esther,eed.924761 0aEspiral914718 aCatalogación derivada 001052708MOaGRbGRcCTd2009-10-01iLF1l0oCu862.44 V443cp9843-10r2020-06-25w2020-06-25y2ZPréstamo interno c9602d9602